Actors / Actresses by their Characters - Picture Edition #7 - Statistics

General Stats
  • This quiz has been taken 66 times
  • The average score is 7 of 15
Answer Stats
Picture Answer % Correct
Anne Hathaway
94%
Keira Knightley
85%
John Goodman
61%
Dave Bautista
59%
Jake Gyllenhaal
54%
Shirley Temple
48%
Anna Kendrick
46%
Karen Gillan
46%
Molly Ringwald
41%
Omar Sharif
30%
James Marsden
28%
Vinnie Jones
26%
Terrence Howard
24%
Krysten Ritter
11%
Regina King
7%
No matching quizzes found
Score Distribution
Percent of People with Each Score
Percentile by Number Answered
Your Score History
You have not taken this quiz